Kpop zombie apocalypse mystery (logic puzzle) Quiz Stats

 Plays Quiz not verified by Sporcle

Support Sporcle.
Go Orange.
Score 0/25 Timer 20:00
11 Plays Today
Group A/V/Z? % Correct



VIXX


???
100%



BTS


???
45%



TWICE


???
44.1%



IKON


???
41.7%



GOT7


???
41.4%



4minute


???
39.5%



Teen Top


???
35.7%



SHINee


???
32.2%



AOA


???
31.5%



f(x)


???
30.7%



UP10TION


???
26.6%



Seventeen


???
26%



I.O.I


???
22.4%
Group A/V/Z? % Correct



A Pink


???
20.6%



Red Velvet


???
20.5%



2NE1


???
20.3%



B.A.P


???
19.3%



EXID


???
18.9%



GFRIEND


???
18%



Girl's Day


???
17.8%



BEAST


???
15.9%



Monsta X


???
15.5%



BTOB


???
14.5%



INFINITE


???
14.4%



SISTAR


???
13.1%

You're not logged in!

Compare scores with friends on all Sporcle quizzes.
OR
Log In

From the Vault

Click the Cartoon Robot

by ddd62291

Click my shiny metal image.
Remove Ads.
Support Sporcle.
Get the best of Sporcle when you Go Orange. This ad-free experience offers more features, more stats, and more fun while also helping to support Sporcle. Thank you for becoming a member.

Show Comments

Extras

Top Quizzes Today


Score Distribution

Your Account Isn't Verified!

In order to create a playlist on Sporcle, you need to verify the email address you used during registration. Go to your Sporcle Settings to finish the process.

Report this User

Report this user for behavior that violates our Community Guidelines.

Details: